000 01016nam a22002537a 4500
001 sjds170042
003 sjds
005 20170531132723.0
008 170531b cau||||| |||| 00| 0 spa d
020 _a9781433344190 (pbk.)
040 _csjds
041 _aspa
100 _aRice, Dona
245 1 3 _aLa vida de una rana /
_cDona Herweck Rice
246 _aVida de una rana
246 _aLife of a frog
260 _aHuntington Beach, CA :
_bTeacher Created Materials,
_c2012
300 _a20 pages :
_bcolor illustrations ;
_c20 cm.
440 _aTime for kids nonfiction readers.
500 _aTranslation of: Life of a frog. "Basado en los escritos de Time for kids"--Page 2.
521 _a"Nivel 1.5, Número de palabras: 107, Nivel de lectura según las correlaciones: Intervención temprana nivel 8, Lectura guiada nivel F, Nivel 8 del examen de desarollo en lectura (DRA), Código Lexile 300"--Page 4 of cover.
650 0 _aFrogs
_xLife cycles
_vJuvenile literature
942 _cBK
999 _c17346
_d17346